000 00673nam a2200253Ia 4500
003 OSt
005 20220918165703.0
006 a|||||r|||| 00| 0
007 ta
008 220917b |||||||| |||| 00| 0 eng d
020 _a8170310024
024 _a33,985
037 _cTextual
040 _aARTS
_cARTS
_beng
041 _2eng
_aeng
082 _aO111,3NCH,1, M5
100 _aChatterjee Jayashree
_925145
245 0 _aOne step ahead
260 _aNew Delhi
_bArnold Heinemann India
_c1985
300 _a195p.
_ccm.
650 _aENGLISH LITERATURE
942 _hO111,3NCH,1, M5
_cTEXL
_2CC
999 _c130727
_d130727